| Tag |
First Indicator |
Second Indicator |
Subfields |
| LEADER |
00000cgm a2200000Ia 4500 |
| 001 |
in00002671821 |
| 005 |
20151202112107.0 |
| 007 |
vd cvaizk |
| 008 |
070306s2007 nyu762 g vleng d |
| 020 |
|
|
|a 0767093356 (set)
|
| 020 |
|
|
|a 0767093364 (v. 1)
|
| 020 |
|
|
|a 0767093372 (v. 2)
|
| 020 |
|
|
|a 0767093380 (v. 3)
|
| 020 |
|
|
|a 0767093399 (v. 4)
|
| 020 |
|
|
|a 9780767093354 (set)
|
| 020 |
|
|
|a 9780767093361 (v. 1)
|
| 020 |
|
|
|a 9780767093378 (v. 2)
|
| 020 |
|
|
|a 9780767093385 (v. 3)
|
| 020 |
|
|
|a 9780767093392 (v. 4)
|
| 024 |
1 |
|
|a 733961768145
|c set
|
| 024 |
1 |
|
|a 733961768152
|c v. 1
|
| 024 |
1 |
|
|a 733961768169
|c v. 2
|
| 024 |
1 |
|
|a 733961768176
|c v. 3
|
| 024 |
1 |
|
|a 733961768183
|c v. 4
|
| 028 |
4 |
2 |
|a AAE-76814
|b A&E (set)
|
| 028 |
4 |
2 |
|a AAE-76815--AAE-76818
|b A&E (discs)
|
| 035 |
|
|
|a (OCoLC)ocm85777832
|
| 035 |
|
|
|a (OCoLC)85777832
|
| 037 |
|
|
|b Midwest Tape
|n http://www.midwesttapes.com
|
| 040 |
|
|
|a TEFMT
|c TEFMT
|d RCS
|d BTCTA
|d VP@
|d IUI
|d UtOrBLW
|
| 043 |
|
|
|a e-uk---
|
| 049 |
|
|
|a TXAM
|
| 050 |
1 |
4 |
|a PN1992.77
|b .W4674 2007
|
| 082 |
0 |
4 |
|a 791.45/75
|2 22
|
| 090 |
|
|
|a PN1992.77.W54
|b W46 2007
|
| 245 |
0 |
0 |
|a Whose line is it anyway?
|n The complete seasons 1 & 2 :
|b the original British series /
|c Channel 4 ; Hat Trick International Ltd. ; devised and compiled by Dan Patterson & Mark Leveson ; produced by Dan Patterson ; directed by Paul O'Dell, Chris Bould.
|
| 250 |
|
|
|a Uncut & uncensored.
|
| 264 |
|
1 |
|a [New York] :
|b A&E Television Networks :
|c [2007]
|
| 264 |
|
2 |
|a [New York] :
|b Distributed by New Video,
|
| 300 |
|
|
|a 4 videodiscs (approximately 762 min.) :
|b sound, color ;
|c 4 3/4 in.
|
| 336 |
|
|
|a two-dimensional moving image
|b tdi
|2 rdacontent
|
| 337 |
|
|
|a video
|b v
|2 rdamedia
|
| 338 |
|
|
|a videodisc
|b vd
|2 rdacarrier
|
| 538 |
|
|
|a DVD; Dolby Digital stereo., Subatomic Digital.
|
| 500 |
|
|
|a Title from container.
|
| 511 |
0 |
|
|a Host: Clive Anderson.
|
| 500 |
|
|
|a Originally broadcast on television in 1988-1990.
|
| 500 |
|
|
|a Contains all 30 episodes from the first and second seasons.
|
| 520 |
|
|
|a British smash hit that catapulted the careers of countless British, American, and Canadian comedians and inspired the hit American version.
|
| 500 |
|
|
|a Special features: Disc 2: Exclusive behind the scenes interview with the creators, Dan Patterson and Mark Leveson.
|
| 505 |
0 |
|
|a Vol. 1: Season 1: Episode 8 (pilot) ; Episodes 1-7 -- v. 2: Season 1: Episodes 9-11 ; Season 1 compilations 1 & 2 ; Season 2: Episode 7 (The Christmas special) -- v. 3: Season 2: Episodes 1-6 ; Episodes 8-9 -- v. 4: Season 2: Episodes 10-15 ; Season 2 compilation 1 & 2.
|
| 500 |
|
|
|a Videorecording.
|
| 650 |
|
0 |
|a Comedians
|z Great Britain
|v Drama.
|
| 650 |
|
0 |
|a Comedy sketches
|z Great Britain
|v Drama.
|
| 651 |
|
0 |
|a Great Britain
|v Drama.
|
| 650 |
|
8 |
|a Comedians
|z Great Britain
|v Drama.
|
| 650 |
|
8 |
|a Comedies
|z Great Britain
|v Drama.
|
| 650 |
|
8 |
|a Skits
|z Great Britain
|v Drama.
|
| 651 |
|
8 |
|a Great Britain
|v Drama.
|
| 655 |
|
7 |
|a Television programs.
|2 lcgft
|
| 655 |
|
7 |
|a Television comedies.
|2 lcgft
|
| 655 |
|
7 |
|a Variety shows (Television programs)
|2 lcgft
|
| 655 |
|
7 |
|a Comedy
|v Television series.
|2 migfg
|
| 655 |
|
7 |
|a Variety
|v Television series.
|2 migfg
|
| 655 |
|
7 |
|a Television serials.
|2 gsafd
|
| 655 |
|
7 |
|a Comedy television programs.
|2 gsafd
|
| 655 |
|
7 |
|a Variety shows (Television programs)
|2 gsafd
|
| 700 |
1 |
|
|a Patterson, Dan.
|
| 700 |
1 |
|
|a Leveson, Mark.
|
| 700 |
1 |
|
|a O'Dell, Paul.
|
| 700 |
1 |
|
|a Bould, Chris.
|
| 700 |
1 |
|
|a Anderson, Clive.
|
| 710 |
2 |
|
|a Channel Four (Great Britain)
|
| 710 |
2 |
|
|a Hat Trick Productions.
|
| 710 |
2 |
|
|a Arts and Entertainment Network.
|
| 710 |
2 |
|
|a New Video Group.
|
| 730 |
0 |
|
|a Whose line is it anyway? (Television program : Great Britain)
|
| 938 |
|
|
|a Baker and Taylor
|b BTCP
|n be2007006513
|
| 994 |
|
|
|a C0
|b TXA
|
| 948 |
|
|
|a cataloged
|b h
|c 2010/11/15
|d c
|e blrosas
|f 9:43:30 am
|
| 999 |
|
|
|a MARS
|
| 999 |
f |
f |
|s 0644420f-9ad9-3682-b351-86a2488f9578
|i 8c8265ac-7aa0-3b87-b753-f62d6d4d07c6
|t 0
|
| 952 |
f |
f |
|p dvd
|a Texas A&M University
|b College Station
|c Sterling C. Evans Library
|d Evans: Media and Reserves (Annex 1st floor)
|t 0
|e PN1992.77.W54 W46 2007
|h Library of Congress classification
|i video -- videodisc
|k v.1
|m A14839347402
|
| 952 |
f |
f |
|p dvd
|a Texas A&M University
|b College Station
|c Sterling C. Evans Library
|d Evans: Media and Reserves (Annex 1st floor)
|t 0
|e PN1992.77.W54 W46 2007
|h Library of Congress classification
|i video -- videodisc
|k v.4
|m A14839347282
|
| 952 |
f |
f |
|p dvd
|a Texas A&M University
|b College Station
|c Sterling C. Evans Library
|d Evans: Media and Reserves (Annex 1st floor)
|t 0
|e PN1992.77.W54 W46 2007
|h Library of Congress classification
|i video -- videodisc
|k v.3
|m A14839347321
|
| 952 |
f |
f |
|p dvd
|a Texas A&M University
|b College Station
|c Sterling C. Evans Library
|d Evans: Media and Reserves (Annex 1st floor)
|t 0
|e PN1992.77.W54 W46 2007
|h Library of Congress classification
|i video -- videodisc
|k v.2
|m A14839347363
|
| 998 |
f |
f |
|a PN1992.77.W54 W46 2007
|s v.1-4
|t 0
|l Evans: Media and Reserves (Annex 1st floor)
|